000 00490nam a2200193Ia 4500
005 20240823030046.0
008 240823s9999||||xx |||||||||||||| ||und||
020 _a81-239-0148-8
041 _aENGLISH
082 _A624.17 Q0
100 _aKrishnamurthy D
245 0 _aStructural Design & Drawing Vol 3
250 _a1st
260 _c2010
_b"CBS Publishers & Distributors,New "
500 _aYES
650 _aStructural Design & Drawing
_bCivil
942 _cBK
999 _c187794
_d187794